000 00800nac a22002051u 4500
010 _a 00050166
020 _a013091360X
082 0 0 _a658.8342
_bS6891
090 _c4034
_d4034
100 _aSolomon, Michael R.
245 1 0 _aConsumer behavior :
_bbuying, having, and being /
_cMichael R. Solomon.
250 _a5th ed.
260 _aUpper Saddle River, N.J. :
_bPrentice Hall,
_cc2002.
300 _axvii, 549 p. :
_bcol. ill. ;
_c26 cm.
440 4 _aThe Prentice Hall international series in marketing
504 _aIncludes bibliographical references and indexes.
650 0 _aConsumer behavior.
942 _cBB
_k658.8342S6891
999 _c4034
_d4034